[Event "Oberliga Ost A 2023 2024"]
[Site "?"]
[Date "2023.12.02"]
[Round "2.6"]
[Board "1"]
[White "Englert, Luca"]
[Black "Mazur, Stefan"]
[Result "1-0"]
[WhiteElo "2149"]
[BlackElo "2462"]
[PlyCount "79"]
[EventDate "2023.10.22"]
[EventType "team-tourn"]
[EventCountry "GER"]
[WhiteTeam "Leipzig VfB"]
[BlackTeam "Reichenbrand SV Eiche"]
[WhiteTeamCountry "GER"]
[BlackTeamCountry "GER"]

1. e4 c5 2. Nf3 Nc6 3. d4 cxd4 4. Nxd4 e5 5. Nb5 d6 6. N1c3 a6 7. Na3 Be6 8. Nd5 Bxd5 9. exd5 Nce7 10. c4 g6 11. g3 Bg7 12. Bg2 f5 13. O-O Nf6 14. Qb3 Qd7 15. c5 e4 16. Nc4 Nc8 17. Rd1 dxc5 18. a4 Ng4 19. f3 exf3 20. Re1+ Kf8 21. Bxf3 Bd4+ 22. Kg2 h5 23. Bg5 Rh7 24. Re6 Ra7 25. Nb6 Nxb6 26. Qxb6 Ra8 27. Rae1 a5 28. Re7 Rxe7 29. Rxe7 Ne3+ 30. Rxe3 Bxe3 31. Bxe3 Kg7 32. Bxc5 Re8 33. Qxa5 g5 34. Bd4+ Kh7 35. Qb5 Qc8 36. d6 Qc2+ 37. Bf2 Rd8 38. Qxb7+ Kg6 39. Bxh5+ Kh6 40. Qc7 1-0

[Event "Oberliga Ost A 2023 2024"]
[Site "?"]
[Date "2023.12.02"]
[Round "2.6"]
[Board "2"]
[White "Bures, Jaroslav"]
[Black "Geiling, Christian"]
[Result "1-0"]
[WhiteElo "2405"]
[BlackElo "2182"]
[PlyCount "35"]
[EventDate "2023.10.22"]
[EventType "team-tourn"]
[EventCountry "GER"]
[WhiteTeam "Reichenbrand SV Eiche"]
[BlackTeam "Leipzig VfB"]
[WhiteTeamCountry "GER"]
[BlackTeamCountry "GER"]

1. d4 Nf6 2. Bg5 c5 3. d5 Qb6 4. Nc3 Qxb2 5. Bd2 Qb6 6. Rb1 Qd8 7. e4 d6 8. f4 g6 9. Bb5+ Bd7 10. Bc4 Qc8 11. e5 Nh5 12. Nf3 a6 13. exd6 exd6 14. O-O Be7 15. Re1 Kf8 16. Qe2 Bd8 17. f5 Bxf5 18. Bh6+ 1-0

[Event "Oberliga Ost A 2023 2024"]
[Site "?"]
[Date "2023.12.02"]
[Round "2.6"]
[Board "3"]
[White "Rohne, Lars"]
[Black "Fuchs, Florian"]
[Result "1/2-1/2"]
[WhiteElo "2121"]
[BlackElo "2318"]
[PlyCount "82"]
[EventDate "2023.10.22"]
[EventType "team-tourn"]
[EventCountry "GER"]
[WhiteTeam "Leipzig VfB"]
[BlackTeam "Reichenbrand SV Eiche"]
[WhiteTeamCountry "GER"]
[BlackTeamCountry "GER"]

1. e4 c5 2. Nc3 Nc6 3. Bb5 Nd4 4. Bc4 e6 5. Nge2 a6 6. d3 b5 7. Bb3 Nxb3 8. axb3 Bb7 9. O-O Be7 10. Be3 Nf6 11. f3 d5 12. exd5 Nxd5 13. Nxd5 Qxd5 14. Qd2 O-O 15. Nc3 Qd7 16. Ne4 Rac8 17. Qf2 Qc6 18. Qg3 f5 19. Nc3 e5 20. Bg5 Bd6 21. Qh4 Rce8 22. Bd2 Re6 23. Rae1 Rg6 24. Kh1 Rff6 25. Re2 b4 26. Qc4+ Kh8 27. Nd1 h6 28. Ne3 e4 29. dxe4 fxe4 30. Qxe4 Qxe4 31. fxe4 Bxe4 32. Rxf6 Rxf6 33. Kg1 Be5 34. Nc4 Bd4+ 35. Be3 Bxe3+ 36. Nxe3 Rd6 37. Kf2 Kg8 38. Ke1 Bg6 39. Rd2 Rd4 40. Kd1 Bh5+ 41. Ke1 Bg6 1/2-1/2

[Event "Oberliga Ost A 2023 2024"]
[Site "?"]
[Date "2023.12.02"]
[Round "2.6"]
[Board "4"]
[White "Fischer, Edwin"]
[Black "Just, Wolfgang"]
[Result "1/2-1/2"]
[WhiteElo "2203"]
[BlackElo "2082"]
[PlyCount "73"]
[EventDate "2023.10.22"]
[EventType "team-tourn"]
[EventCountry "GER"]
[WhiteTeam "Reichenbrand SV Eiche"]
[BlackTeam "Leipzig VfB"]
[WhiteTeamCountry "GER"]
[BlackTeamCountry "GER"]

1. d4 e6 2. g3 d5 3. Bg2 Nf6 4. Nf3 c5 5. O-O Nc6 6. c4 dxc4 7. dxc5 Qxd1 8. Rxd1 Bxc5 9. Nbd2 c3 10. bxc3 Bd7 11. Nb3 Bb6 12. Nfd4 Nxd4 13. cxd4 Bc6 14. Bxc6+ bxc6 15. Ba3 Kd7 16. Rac1 a5 17. Nd2 Nd5 18. Nc4 Bc7 19. Ne5+ Bxe5 20. dxe5 Kc7 21. Bd6+ Kb7 22. e4 Nb6 23. Rc2 a4 24. Rb1 Ra5 25. Rcb2 Rb5 26. Rxb5 cxb5 27. Rxb5 Ka6 28. Rc5 Rc8 29. Kf1 Rxc5 30. Bxc5 Nc4 31. Ke2 Nxe5 32. Bd4 f6 33. Bxe5 fxe5 34. Kd3 Kb5 35. a3 g5 36. f3 Kc5 37. Kc3 1/2-1/2

[Event "Oberliga Ost A 2023 2024"]
[Site "?"]
[Date "2023.12.02"]
[Round "2.6"]
[Board "5"]
[White "Schoen, Florian"]
[Black "Laemmel, Sebastian"]
[Result "0-1"]
[WhiteElo "1879"]
[BlackElo "2156"]
[PlyCount "54"]
[EventDate "2023.10.22"]
[EventType "team-tourn"]
[EventCountry "GER"]
[WhiteTeam "Leipzig VfB"]
[BlackTeam "Reichenbrand SV Eiche"]
[WhiteTeamCountry "GER"]
[BlackTeamCountry "GER"]

1. e4 e6 2. d4 d5 3. Nc3 Nf6 4. Bg5 dxe4 5. Nxe4 Be7 6. Bxf6 gxf6 7. Nf3 f5 8. Ng3 c5 9. Qd2 Nc6 10. O-O-O cxd4 11. Nh5 Rg8 12. h4 Qd5 13. Qh6 Qxa2 14. Qxh7 Qa1+ 15. Kd2 Bb4+ 16. Ke2 Qa6+ 17. Rd3 Rf8 18. Qg7 Be7 19. Kd2 Qa5+ 20. Ke2 e5 21. Rd1 Be6 22. Nf6+ Bxf6 23. Qxf6 Bc4+ 24. Rd3 e4 25. Nxd4 exd3+ 26. cxd3 Nxd4+ 27. Qxd4 Be6 0-1

[Event "Oberliga Ost A 2023 2024"]
[Site "?"]
[Date "2023.12.02"]
[Round "2.6"]
[Board "6"]
[White "Kapp, Martin"]
[Black "Collini, Carsten"]
[Result "1-0"]
[WhiteElo "2173"]
[BlackElo "2104"]
[PlyCount "61"]
[EventDate "2023.10.22"]
[EventType "team-tourn"]
[EventCountry "GER"]
[WhiteTeam "Reichenbrand SV Eiche"]
[BlackTeam "Leipzig VfB"]
[WhiteTeamCountry "GER"]
[BlackTeamCountry "GER"]

1. d4 d5 2. c4 e6 3. Nc3 c6 4. e4 dxe4 5. Nxe4 Nf6 6. Nxf6+ Qxf6 7. Nf3 Bb4+ 8. Bd2 Bxd2+ 9. Qxd2 O-O 10. Bd3 Nd7 11. O-O e5 12. Ng5 g6 13. f4 exf4 14. Qxf4 Qxf4 15. Rxf4 h6 16. Ne4 f5 17. Nd6 c5 18. Re1 cxd4 19. b4 Nf6 20. Rxd4 Bd7 21. Nxb7 Rfe8 22. Rxe8+ Rxe8 23. b5 Re1+ 24. Bf1 Rc1 25. a4 Be6 26. Nd8 Bd7 27. Nc6 Ra1 28. a5 Kf7 29. Nxa7 Ke7 30. b6 Kd8 31. c5 1-0

[Event "Oberliga Ost A 2023 2024"]
[Site "?"]
[Date "2023.12.02"]
[Round "2.6"]
[Board "7"]
[White "Gerhardt, Dirk"]
[Black "Fehlhammer, Michael"]
[Result "1/2-1/2"]
[WhiteElo "1773"]
[BlackElo "2187"]
[PlyCount "85"]
[EventDate "2023.10.22"]
[EventType "team-tourn"]
[EventCountry "GER"]
[WhiteTeam "Leipzig VfB"]
[BlackTeam "Reichenbrand SV Eiche"]
[WhiteTeamCountry "GER"]
[BlackTeamCountry "GER"]

1. d4 Nf6 2. Nf3 d5 3. e3 c5 4. c3 e6 5. Bd3 Nc6 6. O-O Bd6 7. Nbd2 O-O 8. Re1 e5 9. e4 cxd4 10. cxd4 Bg4 11. exd5 Nxd4 12. h3 Bh5 13. g4 Bg6 14. Bxg6 fxg6 15. Nxd4 exd4 16. Nb3 Nxd5 17. Qxd4 Kh8 18. Rd1 Qh4 19. Rd3 Rad8 20. g5 Nf4 21. Bxf4 Rxf4 22. Qe3 Qxg5+ 23. Kf1 Qf6 24. Rad1 Rf8 25. R1d2 Bb4 26. Re2 b6 27. Rd4 Rxd4 28. Qxd4 Qxd4 29. Nxd4 Bc5 30. Ne6 Rc8 31. Rc2 Rc6 32. Nd8 Rf6 33. a3 h5 34. b4 Bd4 35. b5 Bc5 36. a4 Rf3 37. Ne6 Ra3 38. Rc4 Ra2 39. Nxc5 bxc5 40. Kg2 Ra3 41. f3 Kh7 42. Kg3 Kh6 43. h4 1/2-1/2

[Event "Oberliga Ost A 2023 2024"]
[Site "?"]
[Date "2023.12.02"]
[Round "2.6"]
[Board "8"]
[White "Weisspflog, Janek"]
[Black "Willberg, Marek"]
[Result "1-0"]
[WhiteElo "2044"]
[BlackElo "1451"]
[PlyCount "83"]
[EventDate "2023.10.22"]
[EventType "team-tourn"]
[EventCountry "GER"]
[WhiteTeam "Reichenbrand SV Eiche"]
[BlackTeam "Leipzig VfB"]
[WhiteTeamCountry "GER"]
[BlackTeamCountry "GER"]

1. d4 d5 2. c4 e6 3. Nf3 Nf6 4. Nc3 Nbd7 5. Bf4 a6 6. e3 dxc4 7. Bxc4 b5 8. Bd3 Bb7 9. O-O Be7 10. h3 O-O 11. Qe2 c5 12. Rad1 Nd5 13. Nxd5 Bxd5 14. e4 Bxa2 15. dxc5 Bxc5 16. b4 Bb3 17. Rb1 Bxb4 18. Rxb3 Nc5 19. Bg5 f6 20. Rxb4 Qxd3 21. Qxd3 Nxd3 22. Rd4 Nc5 23. Be3 e5 24. Rb4 Rfc8 25. Bxc5 Rxc5 26. Rfb1 Kf7 27. Ne1 Ke7 28. Kf1 Kd7 29. R4b2 Kc6 30. Nd3 Rc4 31. f3 Kb6 32. Nb4 Rac8 33. Ke2 R8c5 34. Nd5+ Kb7 35. Ra1 Rc6 36. Nb4 Rd6 37. Ra3 g6 38. Nd3 Rb6 39. g4 h6 40. h4 g5 41. h5 b4 42. Ra4 1-0

[Event "Oberliga Ost A 2023 2024"]
[Site "?"]
[Date "2023.12.03"]
[Round "3.1"]
[Board "1"]
[White "Spivak, Ilya"]
[Black "Nguyen, Alex Dac Vuong"]
[Result "1/2-1/2"]
[WhiteElo "2306"]
[BlackElo "2353"]
[PlyCount "43"]
[EventDate "2023.10.22"]
[EventType "team-tourn"]
[EventCountry "GER"]
[WhiteTeam "Hoyerswerda FVS ASP"]
[BlackTeam "Leipzig SG"]
[WhiteTeamCountry "GER"]
[BlackTeamCountry "GER"]

1. e4 e6 2. d4 d5 3. Nc3 Nf6 4. Bg5 Bb4 5. e5 h6 6. Bd2 Bxc3 7. bxc3 Ne4 8. Bc1 Nxc3 9. Qg4 g6 10. Ne2 Nxe2 11. Bxe2 b6 12. h4 Ba6 13. h5 Bxe2 14. Kxe2 g5 15. f4 gxf4 16. Qg7 Kd7 17. Qxf7+ Qe7 18. Qxe7+ Kxe7 19. Bxf4 Nc6 20. c3 Rag8 21. Kf3 Nd8 22. g4 1/2-1/2

[Event "Oberliga Ost A 2023 2024"]
[Site "?"]
[Date "2023.12.03"]
[Round "3.1"]
[Board "2"]
[White "Natsidis, Christoph"]
[Black "Hassemeier, Mika"]
[Result "1/2-1/2"]
[WhiteElo "2332"]
[BlackElo "2067"]
[PlyCount "31"]
[EventDate "2023.10.22"]
[EventType "team-tourn"]
[EventCountry "GER"]
[WhiteTeam "Leipzig SG"]
[BlackTeam "Hoyerswerda FVS ASP"]
[WhiteTeamCountry "GER"]
[BlackTeamCountry "GER"]

1. Nf3 Nf6 2. c4 e6 3. g3 d5 4. b3 Be7 5. Bg2 O-O 6. O-O b6 7. Bb2 c5 8. cxd5 Nxd5 9. d4 Bb7 10. dxc5 Bxc5 11. Ne5 Nc6 12. Bxd5 Qxd5 13. Qxd5 exd5 14. Nxc6 Bxc6 15. Rd1 d4 16. Na3 1/2-1/2

[Event "Oberliga Ost A 2023 2024"]
[Site "?"]
[Date "2023.12.03"]
[Round "3.1"]
[Board "3"]
[White "Boehm, Robert"]
[Black "Haufe, Laurin"]
[Result "1/2-1/2"]
[WhiteElo "2140"]
[BlackElo "2178"]
[PlyCount "59"]
[EventDate "2023.10.22"]
[EventType "team-tourn"]
[EventCountry "GER"]
[WhiteTeam "Hoyerswerda FVS ASP"]
[BlackTeam "Leipzig SG"]
[WhiteTeamCountry "GER"]
[BlackTeamCountry "GER"]

1. Nf3 Nf6 2. c4 c5 3. Nc3 Nc6 4. g3 d5 5. cxd5 Nxd5 6. Bg2 Nc7 7. d3 e5 8. O-O Be7 9. Nd2 O-O 10. Nc4 f6 11. f4 exf4 12. gxf4 Bd7 13. a4 Rb8 14. Kh1 Nb4 15. Be3 Bc6 16. Bxc6 Nxc6 17. Rg1 Nd5 18. Nxd5 Qxd5+ 19. Rg2 f5 20. Qg1 b6 21. Rf1 Bf6 22. Qf2 Rfe8 23. Qf3 Qe6 24. Re1 a6 25. Bg1 b5 26. axb5 axb5 27. Ne3 Nb4 28. Qh5 Rb7 29. Nxf5 Rd7 30. Rf1 1/2-1/2

[Event "Oberliga Ost A 2023 2024"]
[Site "?"]
[Date "2023.12.03"]
[Round "3.1"]
[Board "4"]
[White "Richter, Leonard"]
[Black "Jahnel, Guenther"]
[Result "1/2-1/2"]
[WhiteElo "2253"]
[BlackElo "2165"]
[PlyCount "86"]
[EventDate "2023.10.22"]
[EventType "team-tourn"]
[EventCountry "GER"]
[WhiteTeam "Leipzig SG"]
[BlackTeam "Hoyerswerda FVS ASP"]
[WhiteTeamCountry "GER"]
[BlackTeamCountry "GER"]

1. e4 d6 2. d4 Nf6 3. Nc3 g6 4. f4 Bg7 5. Bd3 O-O 6. Nf3 Nc6 7. Be2 e6 8. O-O a6 9. e5 Nd5 10. Ne4 f5 11. Nf2 b5 12. c3 Bd7 13. Bd2 Qb8 14. b3 Qa7 15. Qc2 Rfb8 16. Rfd1 Nd8 17. c4 Nb6 18. Nd3 Bf8 19. Be3 Qb7 20. exd6 cxd6 21. c5 Nd5 22. Bf2 Rc8 23. Qb2 Bc6 24. cxd6 Bxd6 25. Nfe5 Qe7 26. Bf3 Bb7 27. Re1 Rc7 28. Qd2 Nc3 29. Nc5 Bxf3 30. Qxc3 Bd5 31. Qh3 Qf8 32. Bh4 Nc6 33. Nxc6 Bxc5 34. dxc5 Qxc5+ 35. Nd4 Qxd4+ 36. Bf2 Qc3 37. Qxc3 Rxc3 38. Rac1 Rac8 39. Rxc3 Rxc3 40. Re2 Rc1+ 41. Be1 Kf7 42. Kf2 Be4 43. Ke3 h6 1/2-1/2

[Event "Oberliga Ost A 2023 2024"]
[Site "?"]
[Date "2023.12.03"]
[Round "3.1"]
[Board "5"]
[White "Kregelin, Jan"]
[Black "Roesemann, Rainer"]
[Result "1/2-1/2"]
[WhiteElo "2112"]
[BlackElo "2255"]
[PlyCount "126"]
[EventDate "2023.10.22"]
[EventType "team-tourn"]
[EventCountry "GER"]
[WhiteTeam "Hoyerswerda FVS ASP"]
[BlackTeam "Leipzig SG"]
[WhiteTeamCountry "GER"]
[BlackTeamCountry "GER"]

1. e4 c6 2. d4 d5 3. exd5 cxd5 4. c4 Nf6 5. Nc3 Nc6 6. Nf3 Bg4 7. cxd5 Nxd5 8. Qb3 Bxf3 9. gxf3 e6 10. Qxb7 Nxd4 11. Bb5+ Nxb5 12. Qc6+ Ke7 13. Qxb5 Nxc3 14. Qc5+ Qd6 15. Qxc3 f6 16. Be3 Qa6 17. Rc1 Kf7 18. Qc4 Qa5+ 19. Bd2 Qe5+ 20. Qe4 Bd6 21. Qxe5 Bxe5 22. f4 Bd6 23. Ke2 Rab8 24. Rc2 Rb5 25. Be3 a5 26. Rd1 Rd8 27. b3 Be7 28. Rc7 Rxd1 29. Kxd1 Ke8 30. Ke2 Rh5 31. Ra7 g6 32. Bd2 Bd8 33. a3 h6 34. Rg7 g5 35. fxg5 hxg5 36. Ra7 g4 37. Rg7 f5 38. Bf4 Be7 39. Rg8+ Kf7 40. Ra8 Bxa3 41. Rxa5 Bb2 42. b4 Kf6 43. Bc7 Rh3 44. Bd8+ Kf7 45. Ra7+ Ke8 46. Bc7 Bd4 47. Rb7 e5 48. Bb6 Bxb6 49. Rxb6 Ke7 50. b5 Rxh2 51. Rg6 Rh1 52. b6 Rb1 53. Kd3 Kf7 54. Rh6 Rb4 55. Kc3 Rb1 56. Kd3 Kg7 57. Re6 Kf7 58. Rh6 Ke7 59. Kc4 f4 60. Kd5 g3 61. fxg3 fxg3 62. Rg6 g2 63. Rxg2 Rxb6 1/2-1/2

[Event "Oberliga Ost A 2023 2024"]
[Site "?"]
[Date "2023.12.03"]
[Round "3.1"]
[Board "6"]
[White "Kalkhof, Stefan"]
[Black "Wolf, Andreas"]
[Result "1-0"]
[WhiteElo "2231"]
[BlackElo "2055"]
[PlyCount "65"]
[EventDate "2023.10.22"]
[EventType "team-tourn"]
[EventCountry "GER"]
[WhiteTeam "Leipzig SG"]
[BlackTeam "Hoyerswerda FVS ASP"]
[WhiteTeamCountry "GER"]
[BlackTeamCountry "GER"]

1. d4 Nf6 2. Nf3 e6 3. Bg5 d5 4. e3 Be7 5. Bd3 Nbd7 6. O-O h6 7. Bh4 O-O 8. Nbd2 b6 9. c3 Bb7 10. Qe2 c5 11. h3 Ne4 12. Bxe7 Qxe7 13. Rad1 Rfd8 14. Rfe1 a6 15. Bb1 f5 16. Ne5 Nxe5 17. dxe5 Rd7 18. f3 Nxd2 19. Rxd2 Rad8 20. Red1 b5 21. Kh2 Qg5 22. f4 Qe7 23. g4 fxg4 24. Qxg4 d4 25. exd4 cxd4 26. cxd4 h5 27. Qxh5 Qf7 28. Bh7+ Kf8 29. Qg5 Qe7 30. Qg4 g5 31. Bg6 Kg7 32. Bc2 Rf8 33. Rg1 1-0

[Event "Oberliga Ost A 2023 2024"]
[Site "?"]
[Date "2023.12.03"]
[Round "3.1"]
[Board "7"]
[White "Heyme, Sibylle"]
[Black "Rausch, Stephan"]
[Result "0-1"]
[WhiteElo "1996"]
[BlackElo "2264"]
[PlyCount "58"]
[EventDate "2023.10.22"]
[EventType "team-tourn"]
[EventCountry "GER"]
[WhiteTeam "Hoyerswerda FVS ASP"]
[BlackTeam "Leipzig SG"]
[WhiteTeamCountry "GER"]
[BlackTeamCountry "GER"]

1. d4 d5 2. c4 e6 3. Nf3 c6 4. g3 dxc4 5. Bg2 Nf6 6. O-O b5 7. Ne5 Bb7 8. a4 a6 9. axb5 axb5 10. Rxa8 Bxa8 11. Nc3 Nd5 12. e4 Nxc3 13. bxc3 Nd7 14. f4 Bd6 15. Nxd7 Qxd7 16. g4 c5 17. Be3 cxd4 18. cxd4 b4 19. f5 e5 20. Qa1 Qc8 21. dxe5 Bc5 22. Bxc5 Qxc5+ 23. Kh1 O-O 24. f6 c3 25. fxg7 Rc8 26. e6 fxe6 27. Qa2 Qc4 28. Qf2 Qxf1+ 29. Qxf1 c2 0-1

[Event "Oberliga Ost A 2023 2024"]
[Site "?"]
[Date "2023.12.03"]
[Round "3.1"]
[Board "8"]
[White "Pietzsch, Manuel"]
[Black "Klinkhart, Thorbjoern"]
[Result "1-0"]
[WhiteElo "2060"]
[BlackElo "1880"]
[PlyCount "79"]
[EventDate "2023.10.22"]
[EventType "team-tourn"]
[EventCountry "GER"]
[WhiteTeam "Leipzig SG"]
[BlackTeam "Hoyerswerda FVS ASP"]
[WhiteTeamCountry "GER"]
[BlackTeamCountry "GER"]

1. e4 d6 2. d4 Nf6 3. Nc3 e5 4. Nf3 Nbd7 5. Bc4 Be7 6. O-O O-O 7. Re1 c6 8. a4 a5 9. h3 h6 10. Be3 Re8 11. Qb1 Nh7 12. Qa2 Rf8 13. Rad1 Bf6 14. dxe5 Nxe5 15. Nxe5 Bxe5 16. Ne2 Qe7 17. f4 Bf6 18. Ng3 Bh4 19. Bf2 Kh8 20. Qa3 Rd8 21. Bb6 Re8 22. Re3 Bxg3 23. Rxg3 Be6 24. Bxe6 Qxe6 25. Rxd6 Qxe4 26. Bd4 f6 27. Rd7 Qxf4 28. Qc3 Ng5 29. Rg4 Qf5 30. Rxb7 Rad8 31. Qg3 h5 32. Rh4 g6 33. Rf4 Nxh3+ 34. gxh3 Re1+ 35. Kf2 Qxc2+ 36. Kxe1 Re8+ 37. Kf1 Qe2+ 38. Kg1 Qd1+ 39. Kg2 Re2+ 40. Rf2 1-0

[Event "Oberliga Ost A 2023 2024"]
[Site "?"]
[Date "2023.12.03"]
[Round "3.2"]
[Board "1"]
[White "Dahl, Christoph"]
[Black "Henning, Marvin"]
[Result "1/2-1/2"]
[WhiteElo "2357"]
[BlackElo "2078"]
[PlyCount "29"]
[EventDate "2023.10.22"]
[EventType "team-tourn"]
[EventCountry "GER"]
[WhiteTeam "Dresden SG Gruen Weiss"]
[BlackTeam "Leipzig SG II"]
[WhiteTeamCountry "GER"]
[BlackTeamCountry "GER"]

1. e4 e5 2. Nf3 Nf6 3. Nxe5 d6 4. Nf3 Nxe4 5. Nc3 Nxc3 6. dxc3 Be7 7. Be3 Nd7 8. Qd2 Nf6 9. O-O-O O-O 10. Bd3 c5 11. h4 Qa5 12. Kb1 Be6 13. a3 d5 14. Ng5 Rad8 15. c4 1/2-1/2

[Event "Oberliga Ost A 2023 2024"]
[Site "?"]
[Date "2023.12.03"]
[Round "3.2"]
[Board "2"]
[White "Schiffer, Stefan"]
[Black "Zwahr, Paul"]
[Result "1/2-1/2"]
[WhiteElo "2224"]
[BlackElo "2280"]
[PlyCount "42"]
[EventDate "2023.10.22"]
[EventType "team-tourn"]
[EventCountry "GER"]
[WhiteTeam "Leipzig SG II"]
[BlackTeam "Dresden SG Gruen Weiss"]
[WhiteTeamCountry "GER"]
[BlackTeamCountry "GER"]

1. d4 Nf6 2. c4 g6 3. Nc3 Bg7 4. e4 d6 5. Nf3 O-O 6. Be2 e5 7. O-O Nbd7 8. Be3 Qe7 9. dxe5 dxe5 10. Nd5 Qd8 11. Qc2 Ng4 12. Bg5 f6 13. Bd2 c6 14. Ne3 f5 15. exf5 Nxe3 16. Bxe3 gxf5 17. Rad1 Qe7 18. Bg5 Qc5 19. Be3 Qe7 20. Bg5 Qc5 21. Be3 Qe7 1/2-1/2

[Event "Oberliga Ost A 2023 2024"]
[Site "?"]
[Date "2023.12.03"]
[Round "3.2"]
[Board "3"]
[White "Kitze, Alexander"]
[Black "Roemling, Sven"]
[Result "1/2-1/2"]
[WhiteElo "2286"]
[BlackElo "2228"]
[PlyCount "48"]
[EventDate "2023.10.22"]
[EventType "team-tourn"]
[EventCountry "GER"]
[WhiteTeam "Dresden SG Gruen Weiss"]
[BlackTeam "Leipzig SG II"]
[WhiteTeamCountry "GER"]
[BlackTeamCountry "GER"]

1. Nf3 c6 2. g3 g6 3. Bg2 Bg7 4. d4 Nf6 5. O-O O-O 6. c4 d5 7. cxd5 cxd5 8. Nc3 Nc6 9. Ne5 Be6 10. Nxc6 bxc6 11. Bf4 Rc8 12. Na4 Nd7 13. Rc1 Qa5 14. a3 Bf5 15. Nc5 Nxc5 16. Rxc5 Qb6 17. Qd2 e5 18. Be3 Rfe8 19. dxe5 Rxe5 20. b4 Rce8 21. Rc3 Qa6 22. Bf3 Be4 23. Bxe4 Rxe4 24. Rd3 d4 1/2-1/2

[Event "Oberliga Ost A 2023 2024"]
[Site "?"]
[Date "2023.12.03"]
[Round "3.2"]
[Board "4"]
[White "Neuhoff, Laertes"]
[Black "Genkin, Michael"]
[Result "1/2-1/2"]
[WhiteElo "2078"]
[BlackElo "2270"]
[PlyCount "32"]
[EventDate "2023.10.22"]
[EventType "team-tourn"]
[EventCountry "GER"]
[WhiteTeam "Leipzig SG II"]
[BlackTeam "Dresden SG Gruen Weiss"]
[WhiteTeamCountry "GER"]
[BlackTeamCountry "GER"]

1. e4 e6 2. d4 d5 3. Nd2 Nf6 4. e5 Nfd7 5. Bd3 c5 6. c3 Nc6 7. Ne2 cxd4 8. cxd4 Qb6 9. Nf3 f6 10. exf6 Nxf6 11. O-O Bd6 12. Bf4 Bxf4 13. Nxf4 O-O 14. Re1 Qxb2 15. Nxe6 Bxe6 16. Rxe6 Rae8 1/2-1/2

[Event "Oberliga Ost A 2023 2024"]
[Site "?"]
[Date "2023.12.03"]
[Round "3.2"]
[Board "5"]
[White "Siedentopf, Daniel"]
[Black "Schunk, Thomas"]
[Result "1/2-1/2"]
[WhiteElo "2245"]
[BlackElo "2159"]
[PlyCount "88"]
[EventDate "2023.10.22"]
[EventType "team-tourn"]
[EventCountry "GER"]
[WhiteTeam "Dresden SG Gruen Weiss"]
[BlackTeam "Leipzig SG II"]
[WhiteTeamCountry "GER"]
[BlackTeamCountry "GER"]

1. d4 d5 2. c4 c6 3. Nf3 Nf6 4. e3 g6 5. Nc3 Bg7 6. Be2 O-O 7. O-O Nbd7 8. cxd5 Nxd5 9. e4 Nxc3 10. bxc3 b6 11. Bf4 h6 12. Qd2 Kh7 13. h3 Bb7 14. Rac1 Rc8 15. Rfd1 b5 16. c4 a6 17. a4 Nb6 18. axb5 cxb5 19. c5 Na4 20. Qe3 f5 21. exf5 gxf5 22. Ne5 Bd5 23. Bh5 Rf6 24. Qg3 Kg8 25. Ng6 b4 26. Be5 e6 27. Nf4 Nc3 28. Rxc3 bxc3 29. Bg6 Kh8 30. Nh5 Qf8 31. Rc1 a5 32. Rxc3 a4 33. Nxg7 Qxg7 34. Qh4 Qxg6 35. Rg3 Kh7 36. Bxf6 Qf7 37. Bg5 h5 38. Bf4 Rg8 39. Rxg8 Kxg8 40. Be5 Kh7 41. Qd8 a3 42. Qh8+ Kg6 43. Bf4 Qg7 44. Qe8+ Qf7 1/2-1/2

[Event "Oberliga Ost A 2023 2024"]
[Site "?"]
[Date "2023.12.03"]
[Round "3.2"]
[Board "6"]
[White "Dietze, Frank"]
[Black "Kaiser, Dieter"]
[Result "0-1"]
[WhiteElo "2078"]
[BlackElo "2228"]
[PlyCount "68"]
[EventDate "2023.10.22"]
[EventType "team-tourn"]
[EventCountry "GER"]
[WhiteTeam "Leipzig SG II"]
[BlackTeam "Dresden SG Gruen Weiss"]
[WhiteTeamCountry "GER"]
[BlackTeamCountry "GER"]

1. d4 Nf6 2. c4 e6 3. g3 c5 4. Nf3 cxd4 5. Nxd4 d5 6. Nf3 Nc6 7. cxd5 exd5 8. Bg2 Be7 9. O-O O-O 10. Bf4 Bf5 11. Nc3 d4 12. Nb5 d3 13. Nc3 dxe2 14. Nxe2 Nd5 15. Ned4 Nxf4 16. Nxf5 Nxg2 17. Nxe7+ Qxe7 18. Kxg2 Qb4 19. Qc2 h6 20. Rae1 Rfe8 21. a3 Qb5 22. Qc3 Rxe1 23. Rxe1 Rd8 24. Re4 Qd5 25. Qe3 f5 26. Re8+ Rxe8 27. Qxe8+ Kh7 28. Qe3 a5 29. h4 a4 30. Qf4 b5 31. h5 Kg8 32. Qe3 Kf7 33. Qc3 Qe4 34. Qxc6 Qxc6 0-1

[Event "Oberliga Ost A 2023 2024"]
[Site "?"]
[Date "2023.12.03"]
[Round "3.2"]
[Board "7"]
[White "Butscher, Daniel"]
[Black "Herrmann, Arthur"]
[Result "1-0"]
[WhiteElo "2124"]
[BlackElo "1998"]
[PlyCount "49"]
[EventDate "2023.10.22"]
[EventType "team-tourn"]
[EventCountry "GER"]
[WhiteTeam "Dresden SG Gruen Weiss"]
[BlackTeam "Leipzig SG II"]
[WhiteTeamCountry "GER"]
[BlackTeamCountry "GER"]

1. d4 d5 2. Nc3 Nf6 3. Bf4 e6 4. Nb5 Na6 5. e3 c6 6. Nc3 Nc7 7. Nf3 Bd6 8. Ne5 O-O 9. h4 Qe7 10. Bg5 h6 11. Qf3 Qd8 12. g4 Be7 13. Bf4 Nd7 14. g5 Nxe5 15. Bxe5 hxg5 16. hxg5 Bxg5 17. Qh5 f6 18. Bxc7 Qxc7 19. Bd3 Rd8 20. Qg6 Kf8 21. O-O-O Rd7 22. Rh8+ Ke7 23. Qxg7+ Kd6 24. Qf8+ Re7 25. f4 1-0

[Event "Oberliga Ost A 2023 2024"]
[Site "?"]
[Date "2023.12.03"]
[Round "3.2"]
[Board "8"]
[White "Anschuetz, Mario"]
[Black "Kunze, Christopher"]
[Result "1-0"]
[WhiteElo "2008"]
[BlackElo "2112"]
[PlyCount "55"]
[EventDate "2023.10.22"]
[EventType "team-tourn"]
[EventCountry "GER"]
[WhiteTeam "Leipzig SG II"]
[BlackTeam "Dresden SG Gruen Weiss"]
[WhiteTeamCountry "GER"]
[BlackTeamCountry "GER"]

1. d4 d5 2. c4 e6 3. cxd5 exd5 4. Nc3 Nf6 5. Bg5 Nbd7 6. e3 c6 7. Bd3 Be7 8. Qc2 O-O 9. Nge2 h6 10. Bh4 Re8 11. f3 Qa5 12. Bf2 c5 13. O-O c4 14. Bf5 b5 15. a3 Bb7 16. e4 Nf8 17. e5 N6d7 18. Nf4 Nb6 19. Rae1 b4 20. axb4 Qxb4 21. e6 fxe6 22. Nxe6 Bf6 23. Nxf8 Qxf8 24. Be6+ Kh8 25. Qg6 Bc6 26. g4 Re7 27. Bf5 Qg8 28. Rxe7 1-0

[Event "Oberliga Ost A 2023 2024"]
[Site "?"]
[Date "2023.12.03"]
[Round "3.3"]
[Board "2"]
[White "Burian, Simon"]
[Black "Matthey, Harald"]
[Result "1/2-1/2"]
[WhiteElo "2154"]
[BlackElo "2088"]
[PlyCount "84"]
[EventDate "2023.10.22"]
[EventType "team-tourn"]
[EventCountry "GER"]
[WhiteTeam "Plauen SK Koenig"]
[BlackTeam "Dessau SK"]
[WhiteTeamCountry "GER"]
[BlackTeamCountry "GER"]

1. e4 c5 2. Nf3 Nf6 3. Nc3 d6 4. d4 cxd4 5. Nxd4 e5 6. Bb5+ Nbd7 7. Nf5 a6 8. Bxd7+ Qxd7 9. Ne3 b5 10. O-O Qb7 11. Qd3 Be6 12. Ncd5 Bxd5 13. Nxd5 Nxd5 14. exd5 Be7 15. f4 Bf6 16. fxe5 Bxe5 17. Bf4 O-O 18. Bxe5 dxe5 19. Rad1 Qb6+ 20. Kh1 Qd6 21. c3 Rae8 22. Qe4 g6 23. g4 Rc8 24. Qf3 f5 25. gxf5 Rxf5 26. Qd3 Rcf8 27. Rxf5 Rxf5 28. Rd2 Rf4 29. b3 Kg7 30. Qe2 h5 31. c4 bxc4 32. bxc4 Kf6 33. Rd1 Qc5 34. d6 Rd4 35. Qf2+ Ke6 36. Rxd4 Qxd4 37. Qc2 Kxd6 38. Qxg6+ Kc5 39. Qxa6 Qa1+ 40. Kg2 Qb2+ 41. Kg3 Qc3+ 42. Kg2 Qd2+ 1/2-1/2